Золоті Ворота (Запис № 307131)

МАРК-запис
000 -Лідер
fixed length control field 00730nam a22002537a 4500
003 - Ідентифікатор контрольного номера
control field UA-OsUOA
001 - Контрольний номер
control field 20943
007 - Фіксоване поле фізичного опису
fixed length control field ta
008 - Елементи даних фіксованої довжини – загальна інформація
fixed length control field 20031107b un ||||| |||| 00| 0 ukr d
090 ## - Локальний шифр розміщення
Класифікаційний індекс УДК 94(477).075
Авторський знак (НП) Ч-81
040 ## - Джерело каталогізації
Агенція оригінальної каталогізації UA-OsUOA
Мова каталогізації rus
Агенція, яка здійснювала перезапис UA-OsUOA
Агенція, яка здійснювала модифікацію UA-OsUOA
041 ## - Код мови
Код мови тексту/ звукової доріжки чи окремого заголовка (П) rus
080 ## - Індекс Універсальної десяткової класифікації
Індекс Універсальної десяткової класифікації (УДК) (НП) 94(477).075
044 ## - Код країни видавця/ виробника
Код країни видавця/ виробника (П) RU
100 ## - Основне введення – ім’я особи
Ім’я особи (НП) Чубук М.
245 ## - Відомості про назву
Назва (НП) Золоті Ворота
Дані про відповідальність (НП) Чубук М.
260 ## - Публікація, розповсюдження і т.п. (Вихідні дані)
Ім’я/ наймення видавництва, розповсюджувача і т.п. (П) Видання товариства зв'язків з українцями за межами України
Дата публікації, розповсюдження і т.п. (П) 1991
246 31 - Інша форма назви
Назва (НП) Вип. 4
Номер частини/ розділ роботи (П)
300 ## - Фізичний опис
Обсяг 176 с.
650 #7 - Додаткове предметне введення – тематичний термін
Тематичний термін чи географічна назва, як елемент введення (НП) 9 Географія. Біографії. Історія
Джерело заголовка чи терміна UDC
942 ## - Додаткові елементи входу (Коха)
Тип елемента Koha Книги
955 ## - Код типу видання за змістом
Код типу видання за змістом (НП) інше
Фонди
Стан вилучень Стан втрат Джерело класифікації або схеми стелажів Стан уражень Не для кредиту Постійне місце розташування Поточне розміщення Дата придбання Вартість, звичайна ціна покупки Інвентарний номер Усього замовленно Повний номер виклику Штрих-код Дата останнього перегляду Ціна ефективна від Тип елемента Koha
    Universal Decimal Classification     АБ - Абонемент НБ АБ - Абонемент НБ 07/11/2003 19.33 25354   94(477).075 Ч-81 25354 27/01/2022 07/11/2003 Книги
    Universal Decimal Classification     АБ - Абонемент НБ АБ - Абонемент НБ 07/11/2003 19.33 25355   94(477).075 Ч-81 25355 27/01/2022 07/11/2003 Книги
    Universal Decimal Classification     АБ - Абонемент НБ АБ - Абонемент НБ 07/11/2003   29812   94(477).075 Ч-81 29812 27/01/2022 07/11/2003 Книги
    Universal Decimal Classification     АБ - Абонемент НБ АБ - Абонемент НБ 07/11/2003 2.00 29813   94(477).075 Ч-81 29813 27/01/2022 07/11/2003 Книги
    Universal Decimal Classification     АБ - Абонемент НБ АБ - Абонемент НБ 07/11/2003 19.33 29814   94(477).075 Ч-81 29814 27/01/2022 07/11/2003 Книги
    Universal Decimal Classification     АБ - Абонемент НБ АБ - Абонемент НБ 07/11/2003 14.00 29815   94(477).075 Ч-81 29815 27/01/2022 07/11/2003 Книги